| 000 | 00600nam a22001937a 4500 | ||
|---|---|---|---|
| 999 |
_c11384 _d11384 |
||
| 003 | AR-CdUCM | ||
| 008 | 190403b ||||| |||| 00| 0 spa d | ||
| 040 |
_aMUNICIPALIDAD PROVINCIAL DEL CUSCO _cBIBLIOTECA MUNICIPAL DEL CUSCO |
||
| 082 |
_aEP / 372.323 / _bM97 |
||
| 100 |
_aMurgia Zannier, José _928714 |
||
| 245 | _aMi constitución / | ||
| 260 |
_aTrujillo : _bEditora normas legales s.a., _c1996. |
||
| 300 | _c28 cm. | ||
| 500 | _atexto sin numeración. | ||
| 650 |
_aConstitución Política del Perú _928715 |
||
| 650 |
_aEducación inicial _93463 |
||
| 942 |
_2ddc _cLIBROS |
||
| 945 | _arum | ||